000 00339nam a2200157Ia 4500
003 OSt
005 20240103055227.0
008 170524s9999 xx 000 0 und d
020 _a9788121924504
040 _ciimtu
100 _aMehta VK
245 0 _aPrinciples of Electronics
260 _bS Chand
260 _c2008
942 _2ddc
_c02
999 _c4808
_d4808